Sistemas de indicadores sociales: una aproximación epistemológica /
Los indicadores estadísticos, pivotes informativos de todo Estado y Gobierno, con una historia cuatro veces milenaria, fueron también pilares en el génesis de todas las ciencias naturales y sociales de la lógica ortodoxa. En el alba del nuevo milenio, ante el caos de la teoría social, los indicadore...
Guardat en:
| Autor principal: | |
|---|---|
| Format: | Text |
| Matèries: | |
| Etiquetes: |
Afegir etiqueta
Sense etiquetes, Sigues el primer a etiquetar aquest registre!
|
MARC
| LEADER | 00000 a a2200000 04500 | ||
|---|---|---|---|
| 001 | 15402 | ||
| 003 | |||
| 040 | |||
| 100 | |a Calvo Coin, Otto | ||
| 245 | |a Sistemas de indicadores sociales: |b una aproximación epistemológica / |c Otto Calvo Coin | ||
| 520 | |a Los indicadores estadísticos, pivotes informativos de todo Estado y Gobierno, con una historia cuatro veces milenaria, fueron también pilares en el génesis de todas las ciencias naturales y sociales de la lógica ortodoxa. En el alba del nuevo milenio, ante el caos de la teoría social, los indicadores y la revolución de la epistemología coadyuvan al diseño de sistemas de indicadores sociales, necesarios para la construcción de nueva ciencia social. REV/LCL | ||
| 650 | |a PUB.IIS | ||
| 650 | |a ANALISIS DE SISTEMAS | ||
| 650 | |a ANALISIS ESTADISTICO | ||
| 650 | |a ANALISIS MATEMATICO | ||
| 650 | |a CIBERNETICA | ||
| 650 | |a COMPUTACION | ||
| 650 | |a TEORIA | ||
| 650 | |a METODOS DE INVESTIGACION | ||
| 650 | |a INVESTIGACION SOCIAL | ||
| 650 | |a INDICADORES SOCIALES | ||
| 773 | |g volumen 43, número 89; páginas 143-162 | ||
| 999 | |c 36156 |d 36156 | ||
| 773 | 0 | |0 18728 |9 3048 |a Universidad de Costa Rica |d San José, Costa Rica Editorial UCR 1956- |o 16992 |t Revista de Ciencias Sociales/ |x 04825276 | |
